New England- which city? - Statistics

General Stats
  • This quiz has been taken 31 times
  • The average score is 19 of 25
Answer Stats
Hint Letter Answer % Correct
14) Home of the famous witch trials of 1692 S Salem
100%
25) Capital of Maine, also a famous golf city in Georgia A Augusta
96%
2) Aka Beantown, the biggest in New England B Boston
96%
16) The Mayflower colonists landed here in 1620 andestablished the first colony in New England P Plymouth
96%
19) The biggest city and capital of Rhode Island P Providence
96%
9) Home to Harvard University C Cambridge
93%
10) The biggest city in Maine, though not its capital P Portland
93%
6) Home to Yale University N New Haven
85%
12) Biggest city in central Mass, often mispronounced W Worcester
85%
1) The insurance capital of the world H Hartford
81%
3) The least populated capital in the US M Montpelier
81%
15) Historic town on the tip of Cape Cod P Provincetown
81%
5) Home to the University of Massachusetts A Amherst
78%
13) Once a bustling industrial town known for its textileproduction L Lowell
78%
7) Largest city in Vermont, on the east side ofLake Champlain B Burlington
74%
4) Famous billionaire mansions dot this populartown in Rhode Island N Newport
74%
20) Out of the 34 places named this, this city in western Mass is the oldest S Springfield
74%
17) Home to Gillette Stadium and the New EnglandPatriots F Foxborough
70%
18) Quaint NH town home to Dartmouth University H Hanover
63%
22) Popular vacation town in southern Maine, famousfor its beaches and historic village K Kennebunkport
56%
23) Southeast Mass city, site of the Borden axe murdersof 1892 F Fall River
48%
8) Former whaling hub in southeast Massachusetts N New Bedford
48%
24) Historic Vermont city 10 miles from the Massachusettsborder B Brattleboro
44%
11) Historic port city on Cape Ann, hometo the ill fated Andrea Gail G Gloucester
41%
21) The largest city in remote Aroostook county, Maine P Presque Isle
22%
No matching quizzes found
Score Distribution
Percent of People with Each Score
Percentile by Number Answered
Your Score History
You have not taken this quiz